the constituents of medicinal plants (Record no. 219619)

000 -LEADER
fixed length control field nam a22 7a 4500
003 - CONTROL NUMBER IDENTIFIER
control field ASAB
005 - DATE AND TIME OF LATEST TRANSACTION
control field 20170215145005.0
008 - FIXED-LENGTH DATA ELEMENTS--GENERAL INFORMATION
fixed length control field 170215b xxu||||| |||| 00| 0 eng d
020 ## - INTERNATIONAL STANDARD BOOK NUMBER
International Standard Book Number 1-74114-052-8
040 ## - CATALOGING SOURCE
Transcribing agency ASAB
082 ## - DEWEY DECIMAL CLASSIFICATION NUMBER
Classification number 615.32
245 ## - TITLE STATEMENT
Title the constituents of medicinal plants
Remainder of title an introduction to the chemistry and therapeutics of herbal medicine
Statement of responsibility, etc. andrew pengelly
260 ## - PUBLICATION, DISTRIBUTION, ETC.
Place of publication, distribution, etc. chennai
Name of publisher, distributor, etc. micro print
Date of publication, distribution, etc. 2006c
300 ## - PHYSICAL DESCRIPTION
Extent 172 p.
942 ## - ADDED ENTRY ELEMENTS (KOHA)
Source of classification or shelving scheme
Koha item type Book
Holdings
Withdrawn status Lost status Source of classification or shelving scheme Damaged status Not for loan Collection code Permanent Location Current Location Date acquired Total Checkouts Full call number Barcode Date last seen Price effective from Koha item type
            Atta-ur-Rahman School of Applied Biosciences (ASAB) Atta-ur-Rahman School of Applied Biosciences (ASAB) 02/15/2017   615.32 PEN ASAB2216 02/15/2017 02/15/2017 Book
© 2023 Central Library, National University of Sciences and Technology. All Rights Reserved.